Paesi più vicini ad El Salvador - Morte improvvisa - Statistics

Statistiche generali
  • Questo quiz è stato fatto 13 volte
  • Il punteggio medio è 6 su 15
Answers on the Grid
Answers color-coded by a green-red scale on the quiz's grid according to % correct below.
Guatemala
Honduras
Nicaragua
Belize
Messico
Costa Rica
Colombia
Panama
Cuba
Giamaica
Stati Uniti
Ecuador
Bahamas
Haiti
Venezuela
Repubblica Dominicana
Perù
Bolivia
Argentina
Cile
Paraguay
Suriname
Guyana
Canada
Saint Lucia
Palau
Antigua e Barbuda
Marocco
Sudafrica
Nuova Zelanda
 
Statistiche sulle risposte
Risposta % Corretto
Costa Rica
75%
Guatemala
75%
Honduras
75%
Nicaragua
75%
Panama
75%
Belize
50%
Colombia
50%
Messico
50%
Bahamas
25%
Ecuador
25%
Venezuela
25%
Cuba
0%
Giamaica
0%
Haiti
0%
Stati Uniti
0%
Nessun quiz corrispondente trovato
Distribuzione punteggi
Percentuale di utenti per punteggio
Percentile per numero di risposta
I tuoi punteggi nel tempo
Non hai fatto questo quiz